| 000 | 00627cam a22002291 4500 | ||
|---|---|---|---|
| 001 | sa 67003773 | ||
| 003 | DLC | ||
| 005 | 20260227112341.0 | ||
| 008 | 890426s1967 ii c b 000 0 hino | ||
| 010 | _asa 67003773 | ||
| 035 | _a(OCoLC)19609259 | ||
| 040 |
_aDLC _cWaU _dDLC |
||
| 042 | _apremarc | ||
| 050 | 0 | 0 |
_aPK3017 _b.R4 |
| 100 | 1 |
_aReu, Bisheshwar Nath, _d1890- |
|
| 245 | 1 | 0 | _aR̥gveda para eka aitihāsika dr̥shṭi. |
| 260 | _c[1967] | ||
| 300 |
_aviii, 275 p. _bports. _c23 cm. |
||
| 500 | _aIn Hindi. | ||
| 504 | _aBibliographical footnotes. | ||
| 630 | 0 | 0 |
_aVedas. _pṚgveda _xCriticism, interpretation, etc. |
| 999 |
_c74056 _d74056 |
||